Les traîtres : Candidats saison 4 - Statistiques

Statistiques générales
  • Ce quiz a été pris 38 fois
  • Le résultat moyen est 12 sur 20
Statistiques - réponses
Indice Personnalité % Correct
Footballeur Adil Rami
93%
Écrivaine/Femme d'affaires Dominique Tapie
78%
Chanteuse/Imitatrice Liane Foly
78%
Créateur de contenu Logfive
78%
Chanteuse/Comédienne Sophie Tapie
78%
Aventurier Laurent Maistret
70%
Danseur Anthony Colette
67%
Comédien Hugo Leboeuf
67%
Créatrice de contenu Jade Leboeuf
67%
Commentateur sportif Yoann Riou
59%
Pasteur Cospiel
56%
Acteur Francis Huster
56%
Créatrice de contenu Rose THR
56%
Ancienne joueuse de tennis Alizée Cornet
48%
Avocate/Politique Raquel Garrido
48%
Chanteuse Adeline Toniutti
44%
Rappeur Seth Gueko
44%
Acteur/Mannequin Terence Telle
44%
Chanteuse Bianca Costa
41%
Humoriste Nicolas Lacroix
37%
Aucun quiz correspondant
Distribution des résultats
% des personnes avec chaque résultat
Percentile par nombre de réponses
Votre historique - résultats
Vous n’avez pas pris ce quiz